| 000 | 00550nam a2200181 a 4500 | ||
|---|---|---|---|
| 001 | 000020904 | ||
| 005 | 20200930011203.0 | ||
| 008 | 100823s1977 ve r 000 j spa d | ||
| 040 |
_aDO-SdBNP _bspa _cBNPHU |
||
| 082 |
_a863.64 _bS211r |
||
| 100 | 1 |
_aSánchez G., José Antonio, _943808 |
|
| 245 | 1 | 0 |
_aRelatos en el camino / _cJosé Antonio Sánchez G. |
| 260 |
_aIsla Margarita : _bBiblioteca-Museo de Pampatar, _c1977. |
||
| 300 |
_a72 p. ; _c20 cm. |
||
| 650 | 4 |
_aCuentos españoles _93194 |
|
| 650 | 4 |
_aLiteratura española _9632 |
|
| 049 | _aBNGR | ||
| 999 |
_c20407 _d20407 |
||